000 00837nam a2200241 i 4500
001 bg
245 1 0 _aRaport roczny Grupy PKP - 2003 = Annual report of PKP Group /
_coprac. Biuro Marketingu i Konsultacji Społecznej PKP S.A. ; tł. Stanisław Romański.
246 1 4 _aAnnual report of PKP Group
260 _aWarszawa :
_bPolskie Koleje Państwowe,
_c2004.
300 _a89 s. ;
_c30 cm.
500 _aTekst równoległy w jęz. pol. i ang.
650 9 _aPolskie Koleje Państwowe
_yod 2001 r.
650 9 _aTransport kolejowy
655 _aSprawozdania
710 2 _aPolskie Koleje Państwowe
_c(Warszawa)
710 1 _aBiuro Marketingu i Konsultacji Społecznej PKP.
_c(Warszawa)
040 _cBPK
041 0 _apol
_aeng
044 _aPOL
080 _a656.2
942 _cKS
008 100824s2004 pl a |000 0 pol
999 _c50825
_d50825
856 _uhttp://koha.tu.koszalin.pl/cgi-bin/koha/opac-detail.pl?biblionumber=50825
_yKatalog online BPK